| 000 | 00382nam a22001337a 4500 | ||
|---|---|---|---|
| 082 |
_a502.82 _bMAR _cL-13;P-51 |
||
| 100 |
_aL.C, Martin, _938927 |
||
| 245 |
_aPractical microscopy _cMartin, L.C. |
||
| 260 |
_aLondon : _bBlackie and Son Limited, _c1931. |
||
| 300 |
_a116 p. : _bill. ; _c12 cm. + |
||
| 526 |
_a0 _b0 _c0 _d502_820000000000000_MAR |
||
| 650 |
_aMCE _9379 |
||
| 942 |
_2ddc _cBK |
||
| 999 |
_c543533 _d543533 |
||